000 00657 a2200181 4500
999 _c183214
_d183214
005 20220309144149.0
010 _aENG-130440
020 _a978-93-89811-89-6
_c305.00
035 _aEN-113972
037 _bDBAD/PUB
082 _a000
_b1
100 _aSingh, Pavneet
245 _aCurrent Affairs MCQs For Prelims 2020
_cPavneet Singh
_bSourced from Newspapers, Economic Survey & Budget 2020
260 _aTamill Nadu
_bMcGraw Hill Education Private Limited
_c2021
270 _a444/1, Sri Ekambara Naicker Industrial Estate, Alapakkam, Porur
_bChennai
_e600116
300 _axvii, 10.36p.
_c22cm (pbk)
942 _adpl
_cEN
_2ddc
_h000
_mSIN